01181nam a2200313 i 45000010008000000030009000080050017000170080041000340200018000750400038000930820017001311000064001482450097002122640052003093000023003613360026003843370028004103380027004385460060004656500035005256500050005606500028006106510010006386530024006486550024006729420012006969990017007089520142007251842126EG-ScBUE20220313095421.0810414s1991 nyu f 000 1 eng d a9780060919641 aDLCbengerdacDLCdDLCdEG-ScBUE04a863bGAR2221 aGarcía Márquez, Gabriel,‏d1927-2014,eauthor.91551410aIn evil hour /cGabriel García Márquez ; translated from the Spanish by Gregory Rabassa. 1aNew York, NY :bHarper & Row Publishers,c1991. a183 pages ;c22 cm 2rdacontentatextbtxt 2rdamediaaunmediatedbn 2rdacarrieravolumebnc aText in English ; translated from the Spanish language. 7aGood and evilvFiction.2BUEsh 7aCity and town lifezColombiavFiction.2BUEsh 7aMurdervFiction.2BUEsh 2BUEsh bHHUUEENNcMarch2022 vReading book934232 2ddccBB c14871d14871 00102ddc40708BaccahaMAINbMAINc2NDd2010-12-05ePurchasel1m2o863 GARp000022693r2025-07-15 00:00:00s2020-02-18w2010-12-05yBB